| 000 | 00543cas a22002055a 4500 | ||
|---|---|---|---|
| 001 | L118667 | ||
| 008 | 020703c2001 xxkmr p 0 a0eng u | ||
| 022 | 0 | _a0926-3403 | |
| 035 | _a(Sirsi) u118667 | ||
| 041 | 0 | _aeng | |
| 240 | _aGEO connexion | ||
| 245 | _aGEO:connexion | ||
| 260 |
_aGodmanchester _bGeo:connexion _c2001- |
||
| 362 | 0 | _a1(1) December 2001/January 2002- | |
| 554 | _a10 per year | ||
| 651 | 4 | _aInternational | |
| 690 | _aENVIRONMENTAL AND LAND CONSULTANCY-GEOMATICS | ||
| 780 | 0 | 0 |
_tGEOEurope _x0926-3403 |
| 942 | _n0 | ||
| 999 |
_c118755 _d118755 |
||